000 00544nam a2200181Ia 4500
008 240925s9999 xx 000 0 und d
020 _a195774922
082 _a954.9 ZAH
100 _aZaheer, Hasan
245 4 _aThe Separation of East Pakistan: the rise and realization of bengali muslim nationalism
250 _aNA
260 _aKarachi:
_bOxford University Press
_c,1994.
300 _axxxix,376p.
_bNA
_fOriginal
500 _aIncludes Index
600 _aHumanities & Natural Science
650 _aHistory and Geography
942 _cBK
999 _c2834
_d2834